000 00709nam a2200229 a 4500
001 000018529
005 20200929165822.0
008 800131s1946 sp 000 p spa
040 _aDO-SdBNP
_bspa
_cBNPHU
082 _a861.5
_bR618r
100 1 _aRivas, Ángel de Saavedra,
_cDuque de,
_d1791-1865
_98738
245 1 0 _aRomances /
_cDuque de Rivas.
260 _aMadrid :
_bEspasa-Calpe,
_c1946.
300 _av. ;
_c19 cm.
490 1 _aClásicos castellanos
_v12
500 _aLa biblioteca posee el volumen 2.
650 4 _aPoesía española
_ySIGLO XVIII
_915870
650 4 _aLiteratura española
_ySIGLO XVIII
_913698
830 0 _aClásicos castellanos ;
_v12
_94180
910 _aWM
049 _aBNGR
999 _c18049
_d18049